00717nam a2200193Ia 4500008004100000100001800041245012100059245001600180260003900196260000900235300001800244440005400262650002600316650002700342650001400369650004900383999001900432952007200451170419s9999 xx 000 0 und d aElaad, Eitan. aExtracting critical information from group members' partial knowledge using the searching concealed information test cEitan Elaad bAmerican Psychological Association c2016 aDecember 2016 aJournal of Experimental Psychology: Appliedv22:4 aCONCEALED INFORMATION aEXTRACTING INFORMATION aPOLYGRAPH aPSYCHOPHYSIOLOGICAL DETECTION OF INFORMATION c329543d329543 001040aCLbCLd2017-04-19l0r2017-04-19 00:00:00w2017-04-19ySE